Motor oils and engine lubrication (Record no. 874)

000 -LEADER
fixed length control field 00413nam a22001577a 4500
008 - FIXED-LENGTH DATA ELEMENTS--GENERAL INFORMATION
fixed length control field 191227b ||||| |||| 00| 0 eng d
082 00 - DEWEY DECIMAL CLASSIFICATION NUMBER
Classification number 665.5
Item number G3521
100 ## - MAIN ENTRY--PERSONAL NAME
9 (RLIN) 429
Personal name Georgi, Carl W
245 10 - TITLE STATEMENT
Title Motor oils and engine lubrication
250 ## - EDITION STATEMENT
Edition statement 1st
260 ## - PUBLICATION, DISTRIBUTION, ETC. (IMPRINT)
Place of publication, distribution, etc NewYork
Name of publisher, distributor, etc John wiley & sons
Date of publication, distribution, etc 1950
300 ## - PHYSICAL DESCRIPTION
Extent v, 514p.
365 ## - TRADE PRICE
Price amount 38.00
650 #0 - SUBJECT ADDED ENTRY--TOPICAL TERM
Topical term or geographic name as entry element Automobiles Lubrication
942 ## - ADDED ENTRY ELEMENTS (KOHA)
Item type Books
Holdings
Withdrawn status Lost status Source of classification or shelving scheme Damaged status Not for loan Permanent location Current location Date acquired Source of acquisition Full call number Barcode Date last seen Koha item type
          IMU Kolkata IMU Kolkata 1952-10-10 Asian publishing house 665.5 G3521 00431 2019-12-27 Books
          IMU Kolkata IMU Kolkata 1952-10-10 Asian publishing house 665.5 G3521 00432 2019-12-27 Books
Designed and Maintained by IMU-KC Library, Kolkata Campus © Copyright All Rights Reserved

webs counters

Powered by Koha